000 00530nam a2200169 i 4500
001 27568
003 ES-MaACL
005 20230906153641.0
007 t|
008 030115s1960 sp ||||1| spa d
100 1 _aArasa Bernaus, Francisco.
_922350
245 1 0 _aTratado de alergia /
_cdirigido por F. Arasa ; prólogo por Nicola Pende.
260 _aBarcelona, etc. :
_bEd. Científico-Médica,
_c1960.
300 _aXXIV, 1003 p. :
_bil. ;
_c25 cm.
700 1 _aPende, Nicola.
_990160
852 _aES-MaACL
_jC-18378
_bR.46731
999 _c27568
_d27568